000 00568nam a2200205Ia 4500
005 20250508164357.0
008 008 250505s9999 xx 000 0 hin d
037 _aTextual
040 _aFEDL
_beng
_cFEDL
041 _ahin
_2eng
084 _a891.433, YAD
_qFEDL
100 _aYadav Rajendra
245 0 _aAuro ke bahane
260 _aNew Delhi, India
_bAkshar Prakashan Pvt. Ltd.
_c1996
300 _a205p.
365 _aINR
_b150
650 _aHindi literature-Fiction
_9722739
942 _cTEXL
_h891.433, YAD
999 _c1388838
_d1388838